<?xml version="1.0" encoding="UTF-8"?>
<record
    xmlns:xsi="http://www.w3.org/2001/XMLSchema-instance"
    xsi:schemaLocation="http://www.loc.gov/MARC21/slim http://www.loc.gov/standards/marcxml/schema/MARC21slim.xsd"
    xmlns="http://www.loc.gov/MARC21/slim">

  <leader>00856nac a22001691u 4500</leader>
  <controlfield tag="008">080827s        le|||||r|||| 100 0 ara d</controlfield>
  <datafield tag="020" ind1=" " ind2=" ">
    <subfield code="a">995345096X</subfield>
  </datafield>
  <datafield tag="082" ind1=" " ind2=" ">
    <subfield code="a">142</subfield>
    <subfield code="b">&#x646; &#x642; &#x62F;</subfield>
    <subfield code="2">22</subfield>
  </datafield>
  <datafield tag="110" ind1=" " ind2=" ">
    <subfield code="a">Markaz Derasat Al Wehda Al Arabeya.</subfield>
    <subfield code="9">16481</subfield>
  </datafield>
  <datafield tag="245" ind1=" " ind2=" ">
    <subfield code="a">&#x641;&#x644;&#x633;&#x641;&#x629; &#x627;&#x644;&#x646;&#x642;&#x62F; &#x648;&#x646;&#x642;&#x62F; &#x627;&#x644;&#x641;&#x644;&#x633;&#x641;&#x629; &#x641;&#x649; &#x627;&#x644;&#x641;&#x643;&#x631; &#x627;&#x644;&#x639;&#x631;&#x628;&#x649; &#x648;&#x627;&#x644;&#x63A;&#x631;&#x628;&#x64A;:</subfield>
    <subfield code="b">&#x623;&#x639;&#x645;&#x627;&#x644; &#x627;&#x644;&#x646;&#x62F;&#x648;&#x629; &#x627;&#x644;&#x641;&#x644;&#x633;&#x641;&#x64A;&#x629; &#x627;&#x644;&#x62E;&#x627;&#x645;&#x633;&#x629; &#x639;&#x634;&#x631;&#x629; &#x627;&#x644;&#x62A;&#x64A; &#x646;&#x638;&#x645;&#x62A;&#x647;&#x627; &#x627;&#x644;&#x62C;&#x645;&#x639;&#x64A;&#x629; &#x627;&#x644;&#x641;&#x644;&#x633;&#x641;&#x64A;&#x629; &#x627;&#x644;&#x645;&#x635;&#x631;&#x64A;&#x629; &#x628;&#x62C;&#x627;&#x645;&#x639;&#x629; &#x627;&#x644;&#x642;&#x627;&#x647;&#x631;&#x629; /</subfield>
    <subfield code="c">&#x62D;&#x633;&#x646; &#x62D;&#x646;&#x641;&#x649; ...(&#x648;&#x622;&#x62E;)</subfield>
  </datafield>
  <datafield tag="260" ind1=" " ind2=" ">
    <subfield code="a">&#x628;&#x64A;&#x631;&#x648;&#x62A;:</subfield>
    <subfield code="b">&#x645;&#x631;&#x643;&#x632; &#x62F;&#x631;&#x627;&#x633;&#x627;&#x62A; &#x627;&#x644;&#x648;&#x62D;&#x62F;&#x629; &#x627;&#x644;&#x639;&#x631;&#x628;&#x64A;&#x629;&#x60C;2005</subfield>
    <subfield code="c">2005.</subfield>
  </datafield>
  <datafield tag="300" ind1=" " ind2=" ">
    <subfield code="a">362 &#x635;&#x61B;</subfield>
    <subfield code="c">24 &#x633;&#x645;</subfield>
  </datafield>
  <datafield tag="504" ind1=" " ind2=" ">
    <subfield code="a">&#x64A;&#x62D;&#x62A;&#x648;&#x649; &#x639;&#x644;&#x649; &#x627;&#x631;&#x62C;&#x627;&#x639;&#x627;&#x62A; &#x628;&#x628;&#x644;&#x64A;&#x648;&#x62C;&#x631;&#x627;&#x641;&#x64A;&#x629; &#x648;&#x643;&#x634;&#x627;&#x641;</subfield>
  </datafield>
  <datafield tag="511" ind1=" " ind2=" ">
    <subfield code="a">Catalogued by: Sara</subfield>
  </datafield>
  <datafield tag="541" ind1=" " ind2=" ">
    <subfield code="a">&#x623;&#x644;&#x641; &#x628;&#x627;&#x621;;</subfield>
    <subfield code="c">&#x634;&#x631;&#x627;&#x621;;</subfield>
  </datafield>
  <datafield tag="942" ind1=" " ind2=" ">
    <subfield code="c">BB</subfield>
    <subfield code="k">142&#x646; &#x642; &#x62F;</subfield>
    <subfield code="2">ddc</subfield>
  </datafield>
  <datafield tag="999" ind1=" " ind2=" ">
    <subfield code="c">5624</subfield>
    <subfield code="d">5624</subfield>
  </datafield>
  <datafield tag="952" ind1=" " ind2=" ">
    <subfield code="0">0</subfield>
    <subfield code="1">0</subfield>
    <subfield code="2">ddc</subfield>
    <subfield code="4">0</subfield>
    <subfield code="7">0</subfield>
    <subfield code="8">Alef-Baa</subfield>
    <subfield code="a">MAIN</subfield>
    <subfield code="b">MAIN</subfield>
    <subfield code="c">LOW</subfield>
    <subfield code="d">2007-10-31</subfield>
    <subfield code="e">purchase</subfield>
    <subfield code="o">142 &#x646; &#x642; &#x62F;</subfield>
    <subfield code="p">000007101</subfield>
    <subfield code="r">2025-07-15 00:00:00</subfield>
    <subfield code="y">BB</subfield>
  </datafield>
</record>
